عرض عادي
عرض مارك
- المرأة الإماراتية
دخول Topical Term
001 - CONTROL NUMBER
- control field: 27259
003 - CONTROL NUMBER IDENTIFIER
- control field: AE-AdECS
005 - DATE AND TIME OF LATEST TRANSACTION
- control field: 20260316105811.0
008 - FIXED-LENGTH DATA ELEMENTS
- fixed length control field: 260316|| aca||aabn | a|a d
040 ## - CATALOGING SOURCE
- Original cataloging agency: AE-AdECS
- Transcribing agency: AE-AdECS
150 ## - HEADING--TOPICAL TERM
- Topical term or geographic name entry element: المرأة الإماراتية
670 ## - SOURCE DATA FOUND
- Source citation: Work cat.: (AE-AdECS)136961: العبد الله، عائشة أحمد مؤلف. 1261781, المرأة و إدارة العمل الاهلي في دولة الإمارات العربية المتحدة :
